Багач, бідняк (Запис № 343181)

МАРК-запис
000 -Лідер
fixed length control field 00628nam a22002417a 4500
003 - Ідентифікатор контрольного номера
control field UA-OsUOA
001 - Контрольний номер
control field 57090
007 - Фіксоване поле фізичного опису
fixed length control field ta
008 - Елементи даних фіксованої довжини – загальна інформація
fixed length control field 20081202b un ||||| |||| 00| 0 ukr d
090 ## - Локальний шифр розміщення
Класифікаційний індекс УДК 821.161.2(73)
Авторський знак (НП) Ш81
040 ## - Джерело каталогізації
Агенція оригінальної каталогізації UA-OsUOA
Мова каталогізації ukr
Агенція, яка здійснювала перезапис UA-OsUOA
Агенція, яка здійснювала модифікацію UA-OsUOA
041 ## - Код мови
Код мови тексту/ звукової доріжки чи окремого заголовка (П) ukr
080 ## - Індекс Універсальної десяткової класифікації
Індекс Універсальної десяткової класифікації (УДК) (НП) 821.161.2(73)
020 ## - Міжнародний стандартний книжковий номер (ISBN)
Міжнародний стандартний книжковий номер (ISBN) (НП) 978-966-03-4011-4
100 ## - Основне введення – ім’я особи
Ім’я особи (НП) Шоу І.
245 ## - Відомості про назву
Назва (НП) Багач, бідняк
Решта назви (НП) роман
260 ## - Публікація, розповсюдження і т.п. (Вихідні дані)
Місце публікації, розповсюдження і т.п. (П) Харків
Ім’я/ наймення видавництва, розповсюджувача і т.п. (П) Фоліо
Дата публікації, розповсюдження і т.п. (П) 2007
300 ## - Фізичний опис
Обсяг 638 с.
650 #7 - Додаткове предметне введення – тематичний термін
Тематичний термін чи географічна назва, як елемент введення (НП) 82 Література. Літературознавство
Джерело заголовка чи терміна UDC
942 ## - Додаткові елементи входу (Коха)
Тип елемента Koha Книги
955 ## - Код типу видання за змістом
Код типу видання за змістом (НП) Літературно-художні видання
Фонди
Стан вилучень Стан втрат Джерело класифікації або схеми стелажів Стан уражень Не для кредиту Постійне місце розташування Поточне розміщення Дата придбання Джерело придбання Вартість, звичайна ціна покупки Інвентарний номер Усього замовленно Повний номер виклику Штрих-код Дата останнього перегляду Ціна ефективна від Тип елемента Koha Дата останньої перевірки Перевірено
    Universal Decimal Classification     АБ - Абонемент НБ АБ - Абонемент НБ 02/12/2008 167/2008 21.40 117455   821.161.2(73) Ш81 117455 10/04/2022 02/12/2008 Книги    
    Universal Decimal Classification     АБ - Абонемент НБ АБ - Абонемент НБ 02/12/2008 167/2008 21.40 117456   821.161.2(73) Ш81 117456 10/04/2022 02/12/2008 Книги    
    Universal Decimal Classification     АБ - Абонемент НБ АБ - Абонемент НБ 02/12/2008 167/2008 21.40 117457   821.161.2(73) Ш81 117457 10/04/2022 02/12/2008 Книги    
    Universal Decimal Classification     АБ - Абонемент НБ АБ - Абонемент НБ 02/12/2008 167/2008 21.40 117458   821.161.2(73) Ш81 117458 10/04/2022 02/12/2008 Книги    
    Universal Decimal Classification     АБ - Абонемент НБ АБ - Абонемент НБ 02/12/2008 167/2008 21.40 117459   821.161.2(73) Ш81 117459 10/04/2022 02/12/2008 Книги    
    Universal Decimal Classification     АБ - Абонемент НБ АБ - Абонемент НБ 02/12/2008 167/2008 21.40 117460   821.161.2(73) Ш81 117460 10/04/2022 02/12/2008 Книги    
    Universal Decimal Classification     АБ - Абонемент НБ АБ - Абонемент НБ 02/12/2008 167/2008 21.40 117461   821.161.2(73) Ш81 117461 10/04/2022 02/12/2008 Книги    
    Universal Decimal Classification     АБ - Абонемент НБ АБ - Абонемент НБ 02/12/2008 167/2008 21.40 117462 1 821.161.2(73) Ш81 117462 10/04/2022 02/12/2008 Книги 18/07/2019  
    Universal Decimal Classification     АБ - Абонемент НБ АБ - Абонемент НБ 02/12/2008 167/2008 21.40 117463   821.161.2(73) Ш81 117463 10/04/2022 02/12/2008 Книги    
    Universal Decimal Classification     АБ - Абонемент НБ АБ - Абонемент НБ 02/12/2008 167/2008 21.40 117464 1 821.161.2(73) Ш81 117464 01/08/2022 02/12/2008 Книги 01/08/2022 30/10/2022